A dynamic analysis of household decision making in urban Colombia, 1976-1998 / (Registro nro. 5077)

Detalles MARC
000 -LEADER
fixed length control field 01222nam a2200253Ia 4500
003 - CONTROL NUMBER IDENTIFIER
control field OSt
005 - DATE AND TIME OF LATEST TRANSACTION
control field 20200514132117.0
008 - FIXED-LENGTH DATA ELEMENTS--GENERAL INFORMATION
fixed length control field 191128s1999 ck a gr 000 0 spa d
040 ## - CATALOGING SOURCE
Original cataloging agency CO-JMCR
Transcribing agency CO-JMCR
041 0# - LANGUAGE CODE
Language code of text/sound track or separate title spa
082 04 - DEWEY DECIMAL CLASSIFICATION NUMBER
Classification number 307.760151 /
Item number C257d
Edition number 23
100 1# - MAIN ENTRY--PERSONAL NAME
Personal name Sánchez Torres, Fabio,
Relator term autor
9 (RLIN) 1707
245 12 - TITLE STATEMENT
Title A dynamic analysis of household decision making in urban Colombia, 1976-1998 /
Statement of responsibility, etc. Fabio Sánchez Torres, Jairo Núñez Méndez
260 ## - PUBLICATION, DISTRIBUTION, ETC.
Place of publication, distribution, etc. Bogotá :
Name of publisher, distributor, etc. Universidad de los Andes. Centro de estudios sobre desarrollo económico,
Date of publication, distribution, etc. 1999
300 ## - PHYSICAL DESCRIPTION
Extent 44 páginas :
Other physical details ilustraciones en blanco y negro tablas ;
Dimensions 28 cm.
490 ## - SERIES STATEMENT
Series statement Documento CEDE;
Volume/sequential designation 99-15
520 ## - SUMMARY, ETC.
Summary, etc. El centro de estudios sobre desarrollo económico CEDE de la facultad de economía de la Universidad de los Andes, se fundó en 1958 con el objetivo de realizar investigaciones económicas tanto teóricas como empíricas.
650 14 - SUBJECT ADDED ENTRY--TOPICAL TERM
Topical term or geographic name entry element Capital humano
Chronological subdivision 1976-1998
Geographic subdivision Colombia
9 (RLIN) 4358
650 24 - SUBJECT ADDED ENTRY--TOPICAL TERM
Topical term or geographic name entry element Mano de obra
Chronological subdivision 1976-1998
Geographic subdivision Colombia
9 (RLIN) 4359
650 24 - SUBJECT ADDED ENTRY--TOPICAL TERM
Topical term or geographic name entry element Educación
Chronological subdivision 1976-1998
Geographic subdivision Colombia
9 (RLIN) 4360
650 24 - SUBJECT ADDED ENTRY--TOPICAL TERM
Topical term or geographic name entry element Trabajo de la mujer
Chronological subdivision 1976-1998
Geographic subdivision Colombia
9 (RLIN) 4361
700 1# - ADDED ENTRY--PERSONAL NAME
Personal name Núñez Méndez, Jairo,
Relator term autor
9 (RLIN) 3628
942 ## - ADDED ENTRY ELEMENTS (KOHA)
Source of classification or shelving scheme Dewey Decimal Classification
Koha item type Books
Existencias
Withdrawn status Lost status Source of classification or shelving scheme Materials specified (bound volume or other part) Damaged status Not for loan Home library Current library Shelving location Date acquired Source of acquisition Cost, normal purchase price Total Checkouts Full call number Barcode Date last seen Copy number Price effective from Koha item type
    Dewey Decimal Classification Donación--15/04/2018--     Biblioteca Pública José María del Castillo y Rada Biblioteca Pública José María del Castillo y Rada General Stacks 11/28/2019 Donación 0.00   307.760151 / C257d 430001260 05/16/2024 Ej.1 11/28/2019 Books